Statistics for Manchester United Squad 2021/22

Click here to take the quiz!

General Stats

  • This quiz has been taken 32 times
    (21 since last reset)
  • The average score is 21 of 26

Answer Stats

#PositionNationPlayer% Correct
1GKSpainDavid De Gea
100%
7FWPortugalCristiano Ronaldo
94%
5DFEnglandHarry Maguire
94%
2DFSwedenVictor Lindelöf
94%
18MFPortugalBruno Fernandes
88%
3DFCôte d'IvoireEric Bailly
88%
23DFEnglandLuke Shaw
88%
19DFFranceRaphaël Varane
88%
39MFScotlandScott McTominay
88%
29DFEnglandAaron Wan-Bissaka
82%
26GKEnglandDean Henderson
82%
20DFPortugalDiogo Dalot
82%
17MFBrazilFred
82%
8MFSpainJuan Mata
82%
10FWEnglandMarcus Rashford
82%
6MFFrancePaul Pogba
82%
4DFEnglandPhil Jones
82%
36FWSwedenAnthony Elanga
76%
21FWUruguayEdinson Cavani
76%
31MFSerbiaNemenja Matić
76%
25FWEnglandJadon Sancho
65%
14MFEnglandJesse Lingard
65%
ManagerManagerGermanyRalf Rangnick
65%
27DFBrazilAlex Telles
59%
22GKEnglandTom Heaton
59%
13GKEnglandLee Grant
35%

Score Distribution

Percentile by Number Answered

Percent of People with Each Score

Your Score History

You have not taken this quiz since the last reset